Quizzes
Events
Quiz Creation
Community
Videos
Private Events
Remove Ads
Sign In
Join for FREE
Feedback
Dark Mode
Quiz Categories
Sports
Geography
Music
Movies
Television
Just For Fun
Miscellaneous
History
Literature
Language
Science
Gaming
Entertainment
Religion
Holiday
For Kids
Quiz Lab
Recent
Popular Today
Quiz Kudos Today
Editor Picks
Curator Picks
Quizzes by...
Day
Popularity
Type
Ratings
Length
Year
Community
Subscriptions
Recent Discussions
Orange Saloon
Badges
Playlists
Quests
Create
Leaderboards
Showdown
Live 5
Trivia Bingo
Activity
Puzzle Library
Sporcle Events
Private Events
Virtual Trivia
Globe League
Become a Host
Pub Owners
SporcleCon
Opinionation
Our Games
Videos
Blog
Mobile Apps
Partnerships
Remove Ads and Go Orange
Feedback
Sports
Athletes
MLB
NBA
NHL
NFL
Soccer
Sports Teams
WWE
NCAA
Football
Premier League
Basketball
Baseball
Hockey
Golf
Tennis
Cricket
Rugby
Auto Racing
Olympics
World Cup
Sports
Athletes
MLB
NBA
NHL
NFL
Soccer
Sports Teams
WWE
NCAA
Football
Premier League
Basketball
Baseball
Hockey
Golf
Tennis
Cricket
Rugby
Auto Racing
Olympics
World Cup
Random Quiz
Search Sporcle
×
Quiz Lab
Quiz Lab
Sports
NCAA
Click on regions of an image
Click on regions of an image
Picture Click
Best Score? Go Orange.
States that have won an FBS Championship (Football) Stats
Can you pick the States that have won an FBS Championship (Football)?
By
jordanmorris7906
5m
29 Questions
56 Plays
56 Plays
56 Plays
Comments
Comments
Give Quiz Kudos
Give Quiz Kudos
-
- Ratings
hide this ad
More Info
Replay
Link that replays current quiz
Next Quiz
Link to next quiz in quiz playlist
You Got
0%
They Got
Avg Score
81%
Avg Friend Score
Upgrade to see
Score Distribution
Jump to the score distribution portion of the page
Score
0/29
Timer
05:00
0
Plays Today
% Correct
Alabama, Auburn
100%
Cal, Stanford, UCLA, USC
100%
Lafayette, Penn, Penn State, Pitt
100%
Tennessee
100%
SMU, TCU, Texas, Texas A&M
100%
Michigan, Michigan State
98.2%
Oklahoma
98.2%
Ohio State
98.2%
Georgia, Georgia Tech
98.2%
Florida, Florida State, Miami
98.2%
LSU
98.2%
Notre Dame
91.1%
Nebraska
91.1%
Washington
91.1%
Colorado
89.3%
% Correct
Minnesota
87.5%
Army, Cornell, Syracuse
85.7%
Chicago, Illinois
83.9%
Arkansas
82.1%
Ole Miss
80.4%
Clemson
80.4%
Maryland, Navy
73.2%
Iowa
71.4%
Boston College, Harvard
66.1%
BYU
60.7%
Kentucky
46.4%
Princeton, Rutgers
41.1%
Yale
37.5%
Dartmouth
10.7%
Quiz Playlist
Details
Report
Send in Message
Add To Playlist
More Info:
Championships based on school claims
Picture Click:
Click on regions of an image
Quiz Source
Last Updated: Feb 16, 2017
Quiz Scoreboard
CHALLENGE
Sign Up to Join the Scoreboard
Show All
Scores
Hide
Comments
May contain spoilers
Recently Published
Presidents Visiting Landmarks
by Hejman
History
7m
An Introduction to Baseball
by treessimontrees
Sports
5m
Movies - When Are They Set?
by FPL_Elf
Movies
5m
More to Explore
Quiz From the Vault
Featured Blog Post
Where Did the Easter Bunny Come From?
hide this ad
You Might Also Like...
Tags
Football Quiz
NCAA Quiz
State Quiz
Championship
FBS
NCAA Football
Won
Today's Top Quizzes in Sports
Browse Sports
hide this ad
Today's Top Quizzes in NCAA
Browse NCAA
Top Contributed Quizzes in Sports
1
Les meilleurs buteurs des matchs entre le PSG et l’OM
2
2022 World Cup Stars
3
FIFA Club World Cup Champions
4
Les entraîneurs de l'OM et du PSG au 21e siècle
5
Name the Premier League winners with different clubs
6
La finale Lions - Afrique du Sud 2021
7
5-to-1: UK Sports Teams
8
England Test cricketers to play under Nasser Hussain
9
Players with Multiple 50 Home Run Seasons
10
AFC Teams Reveal (Wrong Answers Minefield)
Explore More
Trending Topics
Kpop
Harry Potter
Crossword
Disney
Marvel
NBA
Anime
NFL
Puzzle
WWE
The Office
Country
Pokémon
Soccer
Song
hide this ad
More By:
jordanmorris7906
Quiz
Plays
Rating
Category
Featured
Created
USA Metro Areas at Night (Picture Click)
710
4.76
Geography
Feb 22, 2017
Washington DC Metro Stations (Picture Click)
251
5.00
Geography
Apr 23, 2016
US States that hosted an Olympic Event
227
4.50
Sports
Mar 13, 2016
US States that have hosted a World Cup match
185
3.50
Sports
Mar 13, 2016
2016 SEC Non-Conference Opponents
164
Sports
Aug 31, 2016
Go to Creator's Profile
Score Distribution
Quiz Creator Spotlight
jordanmorris7906
Follow
Send a Message
Quizzes Created
-
Created Quiz Play Count
-
More By This Creator
Popular Quizzes Today
1
Find the US States - No Outlines Minefield
2
Find the Countries of Europe - No Outlines Minefield
3
The Countries of the World
4
Find the US States
5
Popular People in 1961
6
US States
7
Risky Map Clicking: Biggest States A-Z
8
1-10 Letter E Words III
More Sports Quizzes
F1 Monaco - Corner Names
Quiz Lab
Trending Quizzes
Risky Map Clicking: Least Populous States A-Z
1-10 Letter G Words
1-10 Letter F Words
One Thing in Common: United Kingdom
Risky Map Clicking: Next State Alphabetically
Recently Updated
Leaping Animals
pecheneg
Reality TV Shows (A-Z)
bhenderson79
Rickey Henderson's Hall of Fame Teammates
pecheneg
Champions League XIs: Arsenal
pecheneg
Quick Pick: Celebrities in WWE's Hall of Fame
aduchscher
A-Z Keypad Blitz II
pecheneg
Multiple Oscar Actors
pecheneg
Mystery Phrase Blitz: Oscar 'Best Actors'
pecheneg
F. Scott Fitzgerald Novels
LTH
Pick 3 Villains
ddd62291
Trending Topics
Anime
Crossword
Harry Potter
NBA
Kpop
Marvel
Disney
Soccer
Song
Puzzle
Country
Pokémon
NFL
WWE
The Office
Your Account Isn't Verified!
In order to create a playlist on Sporcle, you need to verify the email address you used during registration. Go to your
Sporcle Settings
to finish the process.
Report this User
Report this user for behavior that violates our
Community Guidelines
.
Details:
Send Report
Go to the Sporcle.com Mobile Site →
Comments